00386pab a2200133 454500008004000000100002000040245011600060260000900176300001500185362000800200650001100208650001800219773001500237180718b2013 xxu||||| |||| 00| 0 eng d aCornes, Richard aA constitutional disaster in the making? The communications challenge facing the United Kingdom's Supreme court c2013 ap.266-291. aApr aCourts aSupreme court aPublic Law